|
|
|
|
| LEADER |
00000nas a2200000 a 4500 |
| 001 |
ssj0000329399 |
| 003 |
WaSeSS |
| 005 |
20200512172242.0 |
| 006 |
m d |
| 007 |
cr n |
| 008 |
090422d19982004is qr p s 0 0eng c |
| 010 |
|
|
|a 2009242200
|
| 022 |
|
|
|y 1565-2254
|
| 035 |
|
|
|a (WaSeSS)ssj0000329399
|
| 040 |
|
|
|a MYG
|b eng
|c MYG
|d MYG
|d OCLCQ
|d OCLCF
|d OCLCO
|d OCL
|d OCLCO
|d OCLCQ
|d OCLCA
|d WaSeSS
|
| 042 |
|
|
|a pcc
|
| 043 |
|
|
|a a-is---
|a awba---
|
| 050 |
1 |
4 |
|a DS109.94
|b .J483
|
| 245 |
0 |
0 |
|a Jerusalem quarterly file
|h [electronic resource].
|
| 246 |
3 |
1 |
|a Milaff al-Quds
|
| 260 |
|
|
|a Jerusalem :
|b Institute of Jerusalem Studies,
|c 1998-2004.
|
| 310 |
|
|
|a Quarterly
|
| 362 |
1 |
|
|a Began with: Issue no. 1 (spring 1998); ceased with: Issue 21 (Aug. 2004).
|
| 506 |
|
|
|a License restrictions may limit access.
|
| 648 |
|
7 |
|a Since 1993
|2 fast
|
| 650 |
|
0 |
|a Annexation (Municipal government)
|z Israel
|v Periodicals.
|
| 650 |
|
0 |
|a Arab-Israeli conflict
|y 1993-
|x Peace
|v Periodicals.
|
| 650 |
|
7 |
|a Annexation (Municipal government)
|2 fast
|0 (OCoLC)fst00809741
|
| 650 |
|
7 |
|a Arab-Israeli conflict
|x Peace.
|2 fast
|0 (OCoLC)fst00812230
|
| 650 |
|
7 |
|a International law.
|2 fast
|0 (OCoLC)fst00976984
|
| 650 |
|
7 |
|a Politics and government
|2 fast
|0 (OCoLC)fst01919741
|
| 651 |
|
0 |
|a Jerusalem
|x Politics and government
|v Periodicals.
|
| 651 |
|
0 |
|a Jerusalem
|x International status
|v Periodicals.
|
| 651 |
|
7 |
|a Israel.
|2 fast
|0 (OCoLC)fst01204236
|
| 651 |
|
7 |
|a Middle East
|z Jerusalem.
|2 fast
|0 (OCoLC)fst01216276
|
| 655 |
|
0 |
|a Electronic journals.
|
| 710 |
2 |
|
|a Muʼassasat al-Dirāsāt al-Maqdisīyah.
|
| 776 |
0 |
8 |
|i Print version:
|t Jerusalem quarterly file
|x 1565-2254
|w (DLC) 98957919
|w (OCoLC)40215696
|
| 785 |
0 |
0 |
|t Jerusalem quarterly (2005)
|
| 856 |
4 |
0 |
|z Full text available from Research Library: 04/01/1998 to 2004
|u https://search.proquest.com/publication/616497
|